Working paper Open Access
Bohndick, Carla;
Breetzke, Jonas;
Saveleva, Ekaterina;
Brase, Alexa
<?xml version='1.0' encoding='UTF-8'?>
<record xmlns="http://www.loc.gov/MARC21/slim">
<leader>00000nam##2200000uu#4500</leader>
<datafield tag="520" ind1=" " ind2=" ">
<subfield code="a"><p>Zusammenfassung:&nbsp;Das Zugeh&ouml;rigkeitsgef&uuml;hl ist f&uuml;r Lern- und Bildungsprozesse von Studierenden wesentlich. Wir stellen vier Forschungsklassiker vor, die sich zur St&auml;rkung und Untersuchung von Zugeh&ouml;rigkeit und Zugeh&ouml;rigkeitsgef&uuml;hl heranziehen lassen, und zeigen, welche Bedeutung diese Klassiker auch heute noch f&uuml;r Forschung, Studium und Lehre haben.</p>
<p>Abstract:&nbsp;A sense of belonging is essential for students&rsquo; learning and educational processes. We present four classic theories that can be used to strengthen and examine students&rsquo; (sense of) belonging, and we demonstrate the ongoing importance of these classics for research, study, and teaching today.&nbsp;</p>
<p>Zur Working-Paper-Reihe:&nbsp;Die Working-Paper-Reihe <em>Strengthening Relationships and Academic Belonging in Higher Education</em> erm&ouml;glicht die Ver&ouml;ffentlichung von Beitr&auml;gen aus dem Projekt <a href="http://uhh.de/hul-reaction-wp">Relationships and Academic Belonging in Higher Education (ReAction)</a> sowie solchen zu projektrelevanten Themen. Das Projekt wird durch die <a href="https://stiftung-hochschullehre.de/">Stiftung Innovation in der Hochschullehre</a> im Rahmen der F&ouml;rderung zur Lehrarchitektur gef&ouml;rdert. Die Working-Paper-Reihe wird am <a href="https://www.hul.uni-hamburg.de/">Hamburger Zentrum f&uuml;r Universit&auml;res Lehren und Lernen (HUL)</a> herausgegeben.</p></subfield>
</datafield>
<datafield tag="100" ind1=" " ind2=" ">
<subfield code="a">Bohndick, Carla</subfield>
<subfield code="u">Universität Hamburg</subfield>
<subfield code="0">(orcid)0000-0003-1079-8098</subfield>
</datafield>
<datafield tag="540" ind1=" " ind2=" ">
<subfield code="u">https://creativecommons.org/licenses/by/4.0/legalcode</subfield>
<subfield code="a">Creative Commons Attribution 4.0 International</subfield>
</datafield>
<datafield tag="650" ind1="1" ind2="7">
<subfield code="a">cc-by</subfield>
<subfield code="2">opendefinition.org</subfield>
</datafield>
<datafield tag="980" ind1=" " ind2=" ">
<subfield code="a">publication</subfield>
<subfield code="b">workingpaper</subfield>
</datafield>
<controlfield tag="001">18755</controlfield>
<datafield tag="856" ind1="4" ind2=" ">
<subfield code="s">827928</subfield>
<subfield code="u">https://www.fdr.uni-hamburg.de/record/18755/files/1-1_Bohndick et al_2026_ReActionWP1-1-2026-06-08-b.pdf</subfield>
<subfield code="z">md5:18d00116df2fcc5ca5ac5dd8ed9822e3</subfield>
</datafield>
<datafield tag="773" ind1=" " ind2=" ">
<subfield code="a">10.25592/uhhfdm.18754</subfield>
<subfield code="i">isVersionOf</subfield>
<subfield code="n">doi</subfield>
</datafield>
<datafield tag="653" ind1=" " ind2=" ">
<subfield code="a">Sense of Belonging</subfield>
</datafield>
<datafield tag="653" ind1=" " ind2=" ">
<subfield code="a">Hochschule</subfield>
</datafield>
<datafield tag="653" ind1=" " ind2=" ">
<subfield code="a">Universität</subfield>
</datafield>
<datafield tag="653" ind1=" " ind2=" ">
<subfield code="a">Studienerfolg</subfield>
</datafield>
<datafield tag="653" ind1=" " ind2=" ">
<subfield code="a">Wohlbefinden</subfield>
</datafield>
<datafield tag="653" ind1=" " ind2=" ">
<subfield code="a">Higher Education</subfield>
</datafield>
<datafield tag="653" ind1=" " ind2=" ">
<subfield code="a">University</subfield>
</datafield>
<datafield tag="653" ind1=" " ind2=" ">
<subfield code="a">Study Success</subfield>
</datafield>
<datafield tag="653" ind1=" " ind2=" ">
<subfield code="a">Well-Being</subfield>
</datafield>
<datafield tag="024" ind1=" " ind2=" ">
<subfield code="a">10.25592/uhhfdm.18755</subfield>
<subfield code="2">doi</subfield>
</datafield>
<datafield tag="909" ind1="C" ind2="O">
<subfield code="o">oai:fdr.uni-hamburg.de:18755</subfield>
<subfield code="p">user-reaction</subfield>
<subfield code="p">user-uhh</subfield>
</datafield>
<datafield tag="980" ind1=" " ind2=" ">
<subfield code="a">user-reaction</subfield>
</datafield>
<datafield tag="980" ind1=" " ind2=" ">
<subfield code="a">user-uhh</subfield>
</datafield>
<datafield tag="245" ind1=" " ind2=" ">
<subfield code="a">Klassiker für die Forschung zum Zugehörigkeitsgefühl von Studierenden</subfield>
</datafield>
<datafield tag="260" ind1=" " ind2=" ">
<subfield code="c">2026-06-08</subfield>
</datafield>
<datafield tag="909" ind1="C" ind2="4">
<subfield code="n">1</subfield>
<subfield code="v">1</subfield>
<subfield code="p">Strengthening Relationships and Academic Belonging in Higher Education</subfield>
</datafield>
<datafield tag="700" ind1=" " ind2=" ">
<subfield code="a">Breetzke, Jonas</subfield>
<subfield code="u">Universität Hamburg</subfield>
<subfield code="0">(orcid)0000-0002-6257-3432</subfield>
</datafield>
<datafield tag="700" ind1=" " ind2=" ">
<subfield code="a">Saveleva, Ekaterina</subfield>
<subfield code="u">Universität Hamburg</subfield>
</datafield>
<datafield tag="700" ind1=" " ind2=" ">
<subfield code="a">Brase, Alexa</subfield>
<subfield code="u">Universität Hamburg</subfield>
<subfield code="0">(orcid)0000-0002-6058-1711</subfield>
</datafield>
<datafield tag="542" ind1=" " ind2=" ">
<subfield code="l">open</subfield>
</datafield>
<controlfield tag="005">20260608123549.0</controlfield>
<datafield tag="041" ind1=" " ind2=" ">
<subfield code="a">deu</subfield>
</datafield>
</record>